000 00584nam a22002057a 4500
999 _c172078
_d172078
003 dpl
005 20200127130934.0
008 200127b ||||| |||| 00| 0 eng d
010 _aB-307173
020 _a100670081493
_c295.00
035 _aB-307173
040 _c0
050 _aN
_bSIN
100 _aKhushwant Singh
245 _aTrain to Pakistan/
_cKhushwant Singh
260 _aNew Delhi
_bPenguin Book India Pvt. Ltd.
_c1956
270 _a11 Community Centre Panchsheel Park
_bNew Delhi
_dIndia
_e110017
300 _a190p.
_c15cms
942 _2ddc
_cEN
_hN
_iSIN
_kN
_mSIN